Vuelve Tom /
Guardado en:
| Autor principal: | |
|---|---|
| Formato: | Texto |
| Materias: | |
| Etiquetas: |
Agregar Etiqueta
Sin Etiquetas, Sea el primero en etiquetar este registro!
|
MARC
| LEADER | 00000 a a2200000 04500 | ||
|---|---|---|---|
| 001 | 2657 | ||
| 003 | |||
| 040 | |||
| 100 | |a Vega, Ana Lydia | ||
| 245 | |a Vuelve Tom / |c Ana Lydia Vega | ||
| 650 | |a GUERRA | ||
| 773 | |g volumen 42, número 225; páginas 34-35 | ||
| 999 | |c 26827 |d 26827 | ||
